| 000 | 00952nam a22002537a 4500 | ||
|---|---|---|---|
| 001 | 4924 | ||
| 003 | FISKH | ||
| 005 | 20241025102613.0 | ||
| 008 | 241025b cb ||||| |||| 00| 0 eng d | ||
| 020 | _a9780545846844 | ||
| 040 |
_aFISKH _beng _cFISKH _dFISKH |
||
| 050 | _aSB56.N49 | ||
| 082 | _a635.083 | ||
| 100 |
_aAncona, George _d(1943–2021) |
||
| 245 |
_aIt's our garden / _cFrom Seeds to Harvest in a School Garden by George Anacona |
||
| 250 | _a2013 | ||
| 260 |
_aNew York : _bCandlewick, _c2013. |
||
| 300 |
_a44 pages : _bColor illustrations ; _c23 cm |
||
| 520 | _aPresents a portrait of a Santa Fe community garden, revealing how students and other citizens work together to select and grow annual plants, create compost, release butterflies, harvest edibles, and protect garden beds for the winter-- | ||
| 650 |
_2Gardening _aInformational _vPicture book |
||
| 650 |
_2School gardens _aGrowing |
||
| 942 |
_2ddc _cBK _n0 |
||
| 999 |
_c4924 _d4924 |
||